Nationale Sprachpolitik und europäische Integration (Record no. 5860)

MARC details
000 -LEADER
fixed length control field 00632nam a22002057i 4500
001 - CONTROL NUMBER
control field 6253
003 - CONTROL NUMBER IDENTIFIER
control field OSt
005 - DATE AND TIME OF LATEST TRANSACTION
control field 20180914133408.0
007 - PHYSICAL DESCRIPTION FIXED FIELD--GENERAL INFORMATION
fixed length control field tu
008 - FIXED-LENGTH DATA ELEMENTS--GENERAL INFORMATION
fixed length control field 161220s2003 gw |||||||||||||||||ger d
024 7# - OTHER STANDARD IDENTIFIER
Standard number or code 6253
Source of number or code RID
024 7# - OTHER STANDARD IDENTIFIER
Standard number or code 6253
Source of number or code RSN (alt)
040 ## - CATALOGING SOURCE
Transcribing agency OSt
041 ## - LANGUAGE CODE
Language code of text/sound track or separate title ger
110 2# - MAIN ENTRY--CORPORATE NAME
Corporate name or jurisdiction name as entry element forost - Forschungsverbund Ost- und Südosteuropa
245 00 - TITLE STATEMENT
Title Nationale Sprachpolitik und europäische Integration
Remainder of title Tagungsbericht der forost-Projektgruppe III
260 ## - PUBLICATION, DISTRIBUTION, ETC.
Place of publication, distribution, etc. München :
Name of publisher, distributor, etc. forost - Forschungsverbund Ost- und Südosteuropa,
Date of publication, distribution, etc. 2003.
490 ## - SERIES STATEMENT
Series statement forost Arbeitspapiere
Volume/sequential designation 18/Dezember 2003
International Standard Serial Number 1613-0332
942 ## - ADDED ENTRY ELEMENTS (KOHA)
Koha item type Paper
Holdings
Withdrawn status Lost status Damaged status Not for loan Home library Current library Shelving location Date acquired Inventory number Total Checkouts Barcode Date last seen Price effective from Koha item type
        WIIW WIIW Library 08/04/2004 6253   10001744 01/26/2017 01/26/2017 Paper
The Vienna Instiute for International Economic Studies (wiiw)